[Event "CSS Freestyle 8th"]
[Site "playchess.com"]
[Date "2008.04.13"]
[Round "7"]
[White "Alexisco"]
[Black "Nasi"]
[Result "1/2-1/2"]
[WhiteElo "2515"]
[BlackElo "2410"]
[PlyCount "129"]
[EventDate "2008.04.11"]

1. g3 {24} d5 {137} 2. Nf3 {26} Nf6 {33} 3. Bg2 {103} c6 {24} 4. O-O {114} Bg4
{78} 5. d4 {496} Nbd7 {106} 6. c4 {215} e6 {Nasi reconnected. 32} 7. cxd5 {352}
exd5 {77} 8. Qb3 {146} Qb6 {111} 9. Qe3+ {129} Be7 {69} 10. Nc3 {13} h6 {32}
11. Bd2 {79} Be6 {95} 12. Qd3 {15} O-O {116} 13. Nh4 {47} a5 {47} 14. b3 {227}
Rfe8 {89} 15. Rfe1 {41} Ng4 {104} 16. Nf3 {84} f5 {251} 17. Na4 {132} Qd8 {90}
18. Rac1 {93} g5 {217} 19. Nc5 {139} Nxc5 {10} 20. dxc5 {15} Bf6 {203} 21. Nd4
{6} Qd7 {26} 22. Bc3 {10} a4 {106} 23. b4 {3} Ne5 {63} 24. Qc2 {63} h5 {112}
25. b5 {137} f4 {79} 26. Nxe6 {25} Rxe6 {77} 27. e4 {15} d4 {274} 28. Red1 {14}
fxg3 {43} 29. hxg3 {35} Ng4 {35} 30. bxc6 {33} bxc6 {23} 31. Rd2 {17} Qf7 {99}
32. Bxd4 {32} Bxd4 {9} 33. Rxd4 {43} Rf6 {62} 34. Rf1 {34} Rf8 {16} 35. e5 {11}
Nxe5 {14} 36. Rxa4 {22} Nf3+ {41} 37. Bxf3 {14} Rxf3 {97} 38. Kg2 {8} Qf6 {28}
39. Re4 {101} h4 {15} 40. gxh4 {52} Qf5 {42} 41. Qe2 {63} Kg7 {70} 42. h5 {9}
Rf6 {27} 43. Kg1 {201} Re6 {101} 44. Qb2+ {67} Kh7 {43} 45. Rd4 {9} Kh6 {12}
46. Qb8 {39} Kxh5 {8} 47. Qh8+ {14} Rh6 {15} 48. Qe8+ {37} Rg6 {18} 49. Re1 {25
} Rh3 {8} 50. Qe4 {9} Rf3 {31} 51. Rd6 {26} Qxe4 {31} 52. Rxe4 {22} Rxd6 {12}
53. cxd6 {9} Rd3 {31} 54. Re6 {8} Rd4 {136} 55. Kf1 {63} Kg4 {24} 56. Rf6 {45}
c5 {15} 57. Ke2 {19} c4 {31} 58. f3+ {15} Kh5 {50} 59. a3 {5} c3 {33} 60. Rf8 {
7} Rxd6 {16} 61. Rc8 {12} Rd7 {125} 62. Rxc3 {40} Ra7 {6} 63. Ke3 {22} Kg6 {17}
64. f4 {19} gxf4+ {12} 65. Kxf4 {Nasi bietet Remis (Lag: Av=0.41s, max=4.1s) 2}
1/2-1/2

[Event "CSS Freestyle 8th"]
[Site "playchess.com"]
[Date "2008.04.13"]
[Round "7"]
[White "Lombard1"]
[Black "Phepi"]
[Result "1/2-1/2"]
[WhiteElo "2457"]
[BlackElo "2420"]
[PlyCount "163"]
[EventDate "2008.04.11"]

1. d4 {28} Nf6 {36} 2. Nf3 {80} g6 {46} 3. c4 {44} Bg7 {34} 4. Nc3 {20} O-O {19
} 5. g3 {32} d6 {74} 6. Bg2 {4} Nc6 {55} 7. O-O {54} a6 {125} 8. Re1 {119} Rb8
{67} 9. e4 {51} Bg4 {44} 10. Be3 {23} Re8 {71} 11. h3 {205} Bxf3 {19} 12. Qxf3
{6} e5 {159} 13. d5 {468} Nd4 {57} 14. Qd1 {15} c5 {13} 15. dxc6 {13} bxc6 {30}
16. Ne2 {23} c5 {23} 17. Qd2 {151} Qd7 {170} 18. Rab1 {154} a5 {85} 19. Qxa5 {
273} Ra8 {333} 20. Qd2 {10} Qa4 {42} 21. Nc3 {400} Qxc4 {9} 22. b3 {179} Qb4 {
45} 23. Qd3 {84} Ra3 {152} 24. Bd2 {92} Rc8 {254} 25. Rec1 {188} Qb6 {58} 26.
Be3 {70} Rb8 {100} 27. Rb2 {81} Rba8 {158} 28. Rd1 {8} Qb4 {193} 29. Bd2 {134}
Qb7 {39} 30. Bc1 {56} Qc8 {123} 31. Be3 {107} Qe6 {113} 32. Rc1 {114} Rb8 {33}
33. Qd2 {116} Rb4 {194} 34. Qd1 {78} h5 {77} 35. Qd2 {46} Ra7 {
Phepi offers a draw 134} 36. Rcb1 {18} Ra3 {129} 37. Rf1 {26} Rb8 {31} 38. Rfb1
{23} Rb4 {29} 39. Re1 {41} Ra8 {Phepi offers a draw 56} 40. Rc1 {27} Rab8 {26}
41. Bg5 {22} R4b6 {61} 42. Qd1 {17} Nh7 {17} 43. Be3 {11} Nf6 {23} 44. Rcb1 {14
} R6b7 {11} 45. Qd2 {26} Rb4 {23} 46. Bg5 {5} R4b6 {17} 47. Bxf6 {25} Bxf6 {18}
48. Nd5 {19} Rc6 {12} 49. b4 {35} cxb4 {24} 50. Nxb4 {4} Rc4 {14} 51. Nd5 {58}
Rxb2 {5} 52. Qxb2 {71} Kg7 {33} 53. Qa3 {8} h4 {30} 54. Qa8 {30} Kh7 {22} 55.
g4 {10} Rc8 {40} 56. Qa6 {36} Bd8 {41} 57. Rb7 {43} Rc1+ {35} 58. Bf1 {17} Nf3+
{35} 59. Kg2 {15} Ne1+ {26} 60. Kh1 {23} Nf3 {14} 61. Kg2 {67} Ne1+ {
Phepi offers a draw 12} 62. Kh1 {4} Nf3 {15} 63. Rb8 {69} Nd2 {33} 64. Qa8 {28}
Nxe4 {26} 65. Kg1 {15} Nc3 {37} 66. Nxc3 {5} Qc4 {21} 67. Qg2 {12} Qc7 {31} 68.
Rxd8 {32} Qxd8 {8} 69. Qf3 {5} Kg7 {15} 70. a4 {18} Ra1 {18} 71. Kg2 {5} Qc8 {9
} 72. Nd5 {33} f5 {21} 73. gxf5 {3} Qxf5 {19} 74. Ne3 {51} Qxf3+ {28} 75. Kxf3
{6} Rxa4 {3} 76. Nc4 {7} d5 {14} 77. Nxe5 {11} g5 {11} 78. Bd3 {11} Kf6 {16}
79. Ng4+ {14} Ke6 {20} 80. Ke3 {16} Rf4 {17} 81. Bb1 {19} Kd6 {14} 82. f3 {
Lombard1 bietet Remis (Lag: Av=0.24s, max=0.9s) 34} 1/2-1/2

[Event "CSS Freestyle 8th"]
[Site "playchess.com"]
[Date "2008.04.13"]
[Round "7"]
[White "Olivier EVAN"]
[Black "Pandini"]
[Result "1-0"]
[WhiteElo "2364"]
[BlackElo "2370"]
[PlyCount "147"]
[EventDate "2008.04.11"]

1. Nf3 {4} Nf6 {3} 2. e3 {34} d5 {31} 3. b3 {16} Bg4 {26} 4. Bb2 {62} Nbd7 {21}
5. h3 {40} Bh5 {51} 6. c4 {462} e6 {63} 7. cxd5 {74} exd5 {41} 8. Nc3 {70} c6 {
80} 9. Be2 {30} Bd6 {81} 10. O-O {35} O-O {51} 11. Nd4 {119} Bxe2 {19} 12. Qxe2
{0} g6 {163} 13. Rac1 {14} Re8 {222} 14. Rc2 {10} c5 {157} 15. Nf3 {332} d4 {13
} 16. Nb5 {3} Bf8 {52} 17. Qd3 {7} Nd5 {84} 18. Rcc1 {81} a6 {35} 19. Na3 {7}
Qf6 {170} 20. Nc2 {73} Bg7 {32} 21. Rfe1 {32} Rac8 {144} 22. Qc4 {227} Qc6 {240
} 23. exd4 {68} Nf4 {250} 24. Rxe8+ {7} Rxe8 {105} 25. Re1 {0} Rxe1+ {3} 26.
Ncxe1 {4} cxd4 {26} 27. Qxc6 {36} bxc6 {2} 28. g3 {16} Ne6 {46} 29. Nd3 {5} c5
{Pandini bietet Remis 36} 30. Ba3 {11} f5 {58} 31. Kg2 {19} Kf7 {32} 32. Nb2 {
89} g5 {165} 33. Nc4 {5} h5 {138} 34. Nd6+ {184} Kf6 {96} 35. Bc1 {22} Nb6 {39}
36. Ne8+ {50} Kf7 {40} 37. Nxg7 {16} Kxg7 {11} 38. Ne5 {10} Kf6 {77} 39. Nc6 {
44} Nd7 {99} 40. d3 {78} Nc7 {10} 41. h4 {15} gxh4 {25} 42. gxh4 {10} Ne5 {2}
43. Bg5+ {166} Ke6 {5} 44. Nxe5 {5} Kxe5 {32} 45. Kg3 {7} Nb5 {67} 46. Bf4+ {
124} Kd5 {105} 47. Kf3 {4} Nc3 {42} 48. a3 {5} Kc6 {82} 49. Bd2 {23} Nb5 {75}
50. Kf4 {151} Kd5 {163} 51. Kxf5 {30} Nxa3 {56} 52. Kg6 {7} Nc2 {56} 53. f4 {15
} Ne3 {19} 54. f5 {7} Ng2 {130} 55. Kxh5 {6} Ke5 {48} 56. Kg5 {11} Ne3 {45} 57.
h5 {8} Nxf5 {21} 58. h6 {3} Nxh6 {50} 59. Kxh6 {9} Kf5 {45} 60. Kh5 {9} Ke5 {22
} 61. Kg5 {14} Ke6 {39} 62. Kf4 {12} Kd5 {24} 63. Kf5 {11} Kd6 {36} 64. b4 {34}
cxb4 {108} 65. Bxb4+ {17} Kd5 {1} 66. Ba5 {18} Kc6 {29} 67. Ke5 {39} Kc5 {23}
68. Be1 {27} Kb5 {24} 69. Kxd4 {12} a5 {19} 70. Bxa5 {14} Kxa5 {17} 71. Kc5 {12
} Ka6 {19} 72. Kc6 {41} Ka7 {16} 73. Kc7 {12} Ka6 {20} 74. d4 {
Pandini gibt auf (Lag: Av=1.29s, max=8.7s) 7} 1-0

[Event "CSS Freestyle 8th"]
[Site "playchess.com"]
[Date "2008.04.13"]
[Round "7"]
[White "Intuitivestra"]
[Black "Farseer"]
[Result "0-1"]
[WhiteElo "2339"]
[BlackElo "2417"]
[PlyCount "90"]
[EventDate "2008.04.11"]

1. d4 {41} d5 {7} 2. c4 {11} c6 {5} 3. Nc3 {107} Nf6 {21} 4. e3 {21} e6 {165}
5. Nf3 {36} Nbd7 {52} 6. cxd5 {307} exd5 {20} 7. Bd3 {16} Bd6 {17} 8. O-O {18}
O-O {110} 9. Qc2 {74} Re8 {26} 10. Re1 {5} Nf8 {145} 11. h3 {251} Be6 {436} 12.
Bd2 {69} h6 {100} 13. Re2 {373} Ng6 {1082} 14. e4 {686} dxe4 {56} 15. Nxe4 {73}
Nxe4 {75} 16. Bxe4 {62} Nf4 {263} 17. Bh7+ {59} Kh8 {40} 18. Bxf4 {63} Bxf4 {5}
19. Rae1 {21} Qd7 {31} 20. Bd3 {93} Rad8 {18} 21. a3 {
Intuitivestra bietet Remis 478} Kg8 {456} 22. Qc5 {246} b6 {9} 23. Qc3 {132} c5
{104} 24. Re4 {22} Bd6 {25} 25. a4 {77} Qc8 {153} 26. dxc5 {143} Bxc5 {31} 27.
Bb5 {94} Bd7 {25} 28. Bxd7 {91} Qxd7 {7} 29. Rxe8+ {81} Rxe8 {3} 30. Rxe8+ {5}
Qxe8 {3} 31. Qc2 {16} Qe6 {31} 32. a5 {26} g6 {84} 33. axb6 {60} Bxb6 {5} 34.
Qd1 {41} a5 {54} 35. Qd2 {46} Qe4 {95} 36. Qe1 {73} Qc2 {50} 37. Qe8+ {24} Kg7
{14} 38. Qe5+ {4} Kh7 {16} 39. Qf6 {62} Qxf2+ {18} 40. Kh1 {4} Qf1+ {24} 41.
Kh2 {12} Bc7+ {9} 42. g3 {3} Qf2+ {20} 43. Kh1 {2} Kg8 {32} 44. h4 {23} Bxg3 {
16} 45. Qd8+ {2} Kg7 {Intuitivestra gibt auf (Lag: Av=1.41s, max=14.5s) 17} 0-1

[Event "CSS Freestyle 8th"]
[Site "playchess.com"]
[Date "2008.04.13"]
[Round "7"]
[White "Mepholos"]
[Black "Knilch"]
[Result "0-1"]
[WhiteElo "2382"]
[BlackElo "2472"]
[PlyCount "156"]
[EventDate "2008.04.11"]

1. d4 {5} d5 {33} 2. Nf3 {7} Nf6 {34} 3. Bg5 {7} Ne4 {28} 4. Bf4 {8} c5 {259}
5. Nbd2 {754} f6 {52} 6. e3 {35} Nc6 {9} 7. c3 {63} cxd4 {350} 8. exd4 {35} g5
{28} 9. Be3 {8} Nd6 {21} 10. Bd3 {172} Bf5 {58} 11. Bxf5 {36} Nxf5 {28} 12. Nb3
{50} e6 {323} 13. Qe2 {138} Qd7 {34} 14. O-O-O {110} O-O-O {10} 15. h4 {63} g4
{10} 16. Ne1 {39} Rg8 {25} 17. Nd3 {15} b6 {41} 18. Nf4 {29} Bd6 {202} 19. g3 {
42} Rde8 {602} 20. Kb1 {14} Bxf4 {53} 21. Bxf4 {24} e5 {25} 22. dxe5 {25} fxe5
{23} 23. Be3 {21} Kc7 {222} 24. Qb5 {164} Nce7 {25} 25. Qa6 {64} Nc6 {
Mepholos offers a draw 125} 26. Qb5 {432} Nce7 {13} 27. Qa6 {10} Kb8 {4} 28.
Rhe1 {48} Nxe3 {21} 29. fxe3 {9} Qc6 {10} 30. Qd3 {14} e4 {7} 31. Qe2 {12} Qc4
{26} 32. Qxc4 {16} dxc4 {27} 33. Nd2 {9} Nf5 {124} 34. Nxc4 {9} Nxg3 {25} 35.
Rd5 {9} Ref8 {49} 36. Rd7 {11} Nf5 {64} 37. Ne5 {49} Rf6 {196} 38. Rxh7 {175}
Re6 {28} 39. Nc4 {30} g3 {10} 40. Rg1 {26} g2 {6} 41. a4 {15} Rc6 {18} 42. Rh5
{28} Rc5 {18} 43. Ka2 {9} Rg3 {97} 44. b3 {9} Rd5 {16} 45. Kb2 {83} Kc7 {24}
46. b4 {23} Rg7 {49} 47. Rh8 {11} Ne7 {16} 48. Re8 {39} Kd7 {26} 49. Rf8 {13}
Rf5 {20} 50. Rxf5 {17} Nxf5 {22} 51. h5 {12} Ke6 {30} 52. Kc1 {19} Rc7 {27} 53.
Nd2 {26} Nxe3 {23} 54. Nxe4 {8} Kf5 {17} 55. Nf2 {8} Kf4 {36} 56. Nd3+ {9} Kg3
{19} 57. Ne1 {18} Kf2 {16} 58. Nxg2 {17} Rxc3+ {24} 59. Kd2 {9} Rc2+ {24} 60.
Kd3 {9} Kxg1 {9} 61. Nxe3 {11} Rh2 {16} 62. Nc2 {11} Rxh5 {18} 63. Nd4 {7} Kf2
{11} 64. Nc6 {12} Rh3+ {112} 65. Ke4 {13} a6 {62} 66. Kd5 {12} Ke3 {33} 67. Kc4
{23} Rh4+ {50} 68. Kc3 {13} Rh8 {8} 69. Kc4 {14} Ke4 {87} 70. a5 {16} Rc8 {49}
71. b5 {13} bxa5 {36} 72. bxa6 {78} Rxc6+ {31} 73. Kb5 {15} Rxa6 {38} 74. Kxa6
{15} a4 {6} 75. Kb5 {7} a3 {7} 76. Kb4 {5} a2 {9} 77. Kc4 {7} a1=Q {16} 78. Kc5
{11} Qa5+ {Mepholos resigns (Lag: Av=0.28s, max=1.0s) 30} 0-1

[Event "CSS Freestyle 8th"]
[Site "playchess.com"]
[Date "2008.04.13"]
[Round "7"]
[White "Revelator"]
[Black "Siciliane5"]
[Result "1-0"]
[WhiteElo "2511"]
[BlackElo "2401"]
[PlyCount "177"]
[EventDate "2008.04.11"]

1. b3 {194} e5 {23} 2. Bb2 {12} Nc6 {15} 3. e3 {59} d5 {26} 4. Bb5 {218} f6 {
374} 5. d4 {784} exd4 {259} 6. Qxd4 {407} Bd6 {198} 7. Qd2 {12} Nge7 {149} 8.
Nc3 {28} Be6 {86} 9. Nge2 {141} O-O {82} 10. Nf4 {458} Bxf4 {221} 11. exf4 {4}
a6 {2} 12. Bd3 {7} Nb4 {184} 13. Be2 {31} c5 {140} 14. Na4 {61} Bf5 {67} 15.
O-O {54} b6 {472} 16. c3 {364} Nbc6 {58} 17. Bf3 {5} Re8 {92} 18. Rad1 {226}
Qc7 {59} 19. Bxd5+ {80} Nxd5 {127} 20. Qxd5+ {5} Be6 {2} 21. Qd6 {59} Qb7 {128}
22. Qd2 {21} c4 {76} 23. Qc2 {6} Qc7 {171} 24. Ba3 {14} cxb3 {59} 25. axb3 {11}
Na5 {37} 26. c4 {9} b5 {33} 27. Nc5 {94} bxc4 {3} 28. Nxe6 {11} Rxe6 {17} 29.
Qf5 {26} Rae8 {40} 30. Qd5 {10} Kh8 {24} 31. Bd6 {39} Qb6 {76} 32. f5 {92} Re4
{18} 33. Qf7 {26} Rg8 {66} 34. Bc7 {7} Qb7 {18} 35. Rd7 {78} Nxb3 {104} 36. Bf4
{12} Qxd7 {60} 37. Qxd7 {5} Rxf4 {1} 38. Rd1 {82} c3 {57} 39. Qc7 {7} Nd4 {40}
40. Re1 {12} Rxf5 {17} 41. Qxc3 {29} Rd5 {20} 42. Qc4 {27} Rd6 {17} 43. Qc7 {66
} Nb5 {125} 44. Qb7 {81} Nd4 {51} 45. g3 {20} h6 {56} 46. Ra1 {98} Ne6 {95} 47.
Qa7 {51} Rgd8 {78} 48. Rxa6 {14} R6d7 {12} 49. Qb6 {19} Nd4 {15} 50. Kg2 {33}
Kg8 {18} 51. Ra7 {12} Kf8 {18} 52. g4 {45} Ke8 {26} 53. f4 {13} Rxa7 {16} 54.
Qxa7 {7} Rd7 {1} 55. Qa6 {37} Ke7 {15} 56. f5 {17} Kd8 {16} 57. Qa5+ {22} Ke7 {
17} 58. Qc5+ {19} Kf7 {38} 59. Qc8 {20} Ke7 {30} 60. Qc4 {7} Kf8 {22} 61. Kf2 {
14} Ke7 {11} 62. Ke3 {13} Kd8 {21} 63. Qc5 {10} Ke8 {15} 64. Qc8+ {17} Rd8 {11}
65. Qc4 {12} Kf8 {12} 66. Qc7 {8} Ke8 {18} 67. Qxg7 {8} Nc2+ {13} 68. Kf3 {3}
Rd3+ {11} 69. Ke2 {33} Rd6 {12} 70. Qxh6 {7} Nd4+ {10} 71. Kf2 {33} Nc6 {10}
72. g5 {9} Ne5 {18} 73. Qh8+ {12} Kd7 {14} 74. g6 {45} Nc6 {18} 75. g7 {26} Ne7
{17} 76. g8=Q {12} Nxg8 {2} 77. Qxg8 {5} Ke7 {38} 78. Qb3 {27} Kd8 {43} 79.
Qb8+ {22} Ke7 {11} 80. Qxd6+ {15} Kxd6 {3} 81. Kf3 {7} Ke7 {22} 82. h4 {8} Kf7
{56} 83. Ke4 {8} Kf8 {12} 84. Kd5 {7} Ke7 {9} 85. h5 {16} Kf7 {12} 86. h6 {10}
Kg8 {10} 87. Ke6 {6} Kh7 {8} 88. Kxf6 {10} Kxh6 {8} 89. Ke6 {
Siciliane5 resigns (Lag: Av=0.43s, max=1.3s) 16} 1-0

[Event "CSS Freestyle 8th"]
[Site "playchess.com"]
[Date "2008.04.13"]
[Round "8"]
[White "Flyingfatman"]
[Black "Moro Gamgee"]
[Result "1/2-1/2"]
[WhiteElo "2575"]
[BlackElo "2473"]
[PlyCount "40"]
[EventDate "2008.04.11"]

1. e4 {8} c5 {17} 2. Nf3 {6} d6 {6} 3. d4 {3} cxd4 {5} 4. Nxd4 {1} Nf6 {7} 5.
Nc3 {2} a6 {9} 6. Bg5 {10} e6 {11} 7. f4 {2} Qb6 {60} 8. Qd2 {27} Qxb2 {31} 9.
Rb1 {3} Qa3 {5} 10. e5 {91} h6 {90} 11. Bh4 {50} dxe5 {11} 12. fxe5 {7} Nd5 {40
} 13. Nxd5 {7} exd5 {5} 14. e6 {22} Bxe6 {47} 15. Nxe6 {32} fxe6 {3} 16. Bd3 {
53} Be7 {58} 17. Bg6+ {184} Kd8 {12} 18. Bxe7+ {3} Qxe7 {7} 19. O-O {2} b5 {86}
20. c4 {27} Qc5+ {Moro Gamgee offers a draw (Lag: Av=0.53s, max=6.5s) 98}
1/2-1/2

[Event "CSS Freestyle 8th"]
[Site "playchess.com"]
[Date "2008.04.13"]
[Round "8"]
[White "Enchanter"]
[Black "Rybusia"]
[Result "1/2-1/2"]
[WhiteElo "2564"]
[BlackElo "2471"]
[PlyCount "38"]
[EventDate "2008.04.11"]

1. e4 {20} e6 {12} 2. d4 {11} d5 {10} 3. Nc3 {6} Bb4 {11} 4. e5 {12} c5 {9} 5.
a3 {49} Bxc3+ {10} 6. bxc3 {4} Qa5 {5} 7. Bd2 {18} Qa4 {5} 8. Qb1 {31} c4 {28}
9. Ne2 {173} Nc6 {20} 10. Nf4 {68} Bd7 {19} 11. Be2 {359} O-O-O {20} 12. Qb2 {
48} f6 {229} 13. Rb1 {242} b6 {38} 14. exf6 {87} Nxf6 {24} 15. O-O {10} Ne4 {
188} 16. Be1 {217} Rhf8 {47} 17. Nh5 {224} g6 {51} 18. Ng3 {44} Nxg3 {11} 19.
hxg3 {24} e5 {Rybusia offers a draw (Lag: Av=0.43s, max=1.4s) 306} 1/2-1/2

[Event "CSS Freestyle 8th"]
[Site "playchess.com"]
[Date "2008.04.13"]
[Round "8"]
[White "Rodo"]
[Black "Luminarydebris"]
[Result "1/2-1/2"]
[WhiteElo "2567"]
[BlackElo "2457"]
[PlyCount "67"]
[EventDate "2008.04.11"]

1. e4 {3} c5 {41} 2. Nf3 {10} d6 {9} 3. d4 {22} cxd4 {4} 4. Nxd4 {19} Nf6 {4}
5. Nc3 {7} a6 {8} 6. Be3 {9} e5 {6} 7. Nb3 {7} Be6 {6} 8. f3 {8} Be7 {6} 9. Qd2
{7} O-O {5} 10. O-O-O {7} Nbd7 {7} 11. g4 {19} b5 {6} 12. g5 {9} b4 {5} 13. Ne2
{29} Ne8 {5} 14. f4 {12} a5 {9} 15. f5 {14} a4 {7} 16. Nbd4 {11} exd4 {6} 17.
Nxd4 {8} b3 {5} 18. Kb1 {10} bxc2+ {5} 19. Nxc2 {9} Bb3 {5} 20. axb3 {11} axb3
{0} 21. Na3 {8} Ne5 {5} 22. h4 {10} Ra4 {6} 23. Rh3 {14} Qa8 {10} 24. Qd5 {11}
Rxa3 {4} 25. bxa3 {8} Qxa3 {4} 26. Rd2 {341} Nc7 {13} 27. Qb7 {10} Qa5 {19} 28.
Qa7 {29} Qc3 {59} 29. Qd4 {15} Qc6 {6} 30. f6 {186} Rc8 {126} 31. fxe7 {195}
Nb5 {7} 32. e8=Q+ {1} Qxe8 {8} 33. Bxb5 {257} Qxb5 {Rodo offre la patta 0} 34.
Rf2 {(Lag: Av=0.67s, max=1.6s) 137} 1/2-1/2

[Event "CSS Freestyle 8th"]
[Site "playchess.com"]
[Date "2008.04.13"]
[Round "8"]
[White "Alexisco"]
[Black "Villasevajos"]
[Result "1-0"]
[WhiteElo "2510"]
[BlackElo "2359"]
[PlyCount "69"]
[EventDate "2008.04.11"]

1. d4 {158} d5 {24} 2. c4 {40} c6 {6} 3. Nf3 {42} Nf6 {4} 4. Nc3 {10} e6 {33}
5. e3 {12} Nbd7 {6} 6. Bd3 {27} dxc4 {5} 7. Bxc4 {9} b5 {4} 8. Bd3 {9} a6 {22}
9. e4 {18} c5 {4} 10. e5 {25} cxd4 {6} 11. Nxb5 {12} axb5 {423} 12. exf6 {47}
gxf6 {0} 13. O-O {16} Qb6 {6} 14. Qe2 {51} b4 {7} 15. Rd1 {18} Bc5 {92} 16. a4
{67} bxa3 {45} 17. bxa3 {15} Bb7 {629} 18. Be4 {11} Rd8 {252} 19. Rb1 {92} Ba6
{4} 20. Qd2 {77} Qd6 {32} 21. Nxd4 {40} f5 {Villasevajos offre la patta 91} 22.
Bc2 {71} Bxd4 {53} 23. Qxd4 {261} Qxd4 {0} 24. Rxd4 {5} Ke7 {1} 25. a4 {60} Ne5
{35} 26. Ba3+ {22} Kf6 {10} 27. Bb2 {24} Rb8 {12} 28. Rdd1 {17} Rxb2 {22} 29.
Rxb2 {12} Rc8 {2} 30. a5 {15} Rc5 {61} 31. Ra1 {17} Nc4 {3} 32. Rba2 {16} Nd6 {
4} 33. Bd1 {12} Re5 {27} 34. Bf3 {17} Nc4 {10} 35. Be2 {
Villasevajos abbandona (Lag: Av=0.40s, max=2.7s) 24} 1-0

[Event "CSS Freestyle 8th"]
[Site "playchess.com"]
[Date "2008.04.13"]
[Round "8"]
[White "Farseer"]
[Black "Siciliane5"]
[Result "1-0"]
[WhiteElo "1591"]
[BlackElo "1694"]
[PlyCount "43"]
[EventDate "2008.04.11"]

1. d4 {39} Nf6 {106} 2. Nf3 {57} d5 {38} 3. c4 {39} dxc4 {37} 4. e3 {28} e6 {22
} 5. Bxc4 {22} c5 {12} 6. O-O {71} a6 {12} 7. Bb3 {134} b5 {32} 8. a4 {65} b4 {
17} 9. Nbd2 {646} Bb7 {22} 10. e4 {49} Be7 {58} 11. e5 {3} Nfd7 {8} 12. Nc4 {19
} O-O {47} 13. Be3 {183} Qc7 {296} 14. Rc1 {203} Bxf3 {270} 15. Qxf3 {5} Nc6 {3
} 16. d5 {333} Ncxe5 {331} 17. Nxe5 {29} Nxe5 {14} 18. Qg3 {8} Bd6 {238} 19.
dxe6 {7} fxe6 {66} 20. Qh3 {4} Nd3 {83} 21. Bc2 {393} Nf4 {0} 22. Bxh7+ {
Siciliane5 resigns (Lag: Av=0.42s, max=1.6s) 62} 1-0

[Event "CSS Freestyle 8th"]
[Site "playchess.com"]
[Date "2008.04.13"]
[Round "8"]
[White "Brf"]
[Black "Necromant"]
[Result "0-1"]
[WhiteElo "2417"]
[BlackElo "2347"]
[PlyCount "72"]
[EventDate "2008.04.11"]

1. e4 {3} e6 {6} 2. d4 {12} d5 {18} 3. Nc3 {61} Nf6 {29} 4. Bg5 {29} Be7 {33}
5. e5 {13} Nfd7 {22} 6. Bxe7 {27} Qxe7 {29} 7. f4 {3} O-O {17} 8. Nf3 {
Necromant reconnected. 89} c5 {27} 9. Qd2 {56} Nc6 {35} 10. O-O-O {132} a6 {28}
11. dxc5 {8} Nxc5 {29} 12. Qe3 {30} b5 {29} 13. Kb1 {269} b4 {48} 14. Ne2 {10}
a5 {24} 15. c4 {420} bxc3 {50} 16. Nxc3 {74} Rb8 {29} 17. f5 {270} exf5 {493}
18. Rxd5 {241} Ne4 {8} 19. Nxe4 {5} fxe4 {4} 20. Qxe4 {6} g6 {80} 21. Qh4 {285}
Bf5+ {239} 22. Ka1 {3} Qxh4 {10} 23. Nxh4 {5} Be4 {5} 24. Rc5 {14} Nd4 {75} 25.
Bc4 {6} Rbc8 {300} 26. Rxc8 {35} Nc2+ {88} 27. Kb1 {5} Rxc8 {5} 28. b3 {4} Ne3+
{10} 29. Kb2 {2} Nxc4+ {2} 30. bxc4 {1} Rxc4 {2} 31. Re1 {2} Bd3 {124} 32. Rd1
{238} Rxh4 {29} 33. Rxd3 {2} Rxh2 {4} 34. Rd2 {1} h5 {133} 35. Kc3 {59} Rh4 {70
} 36. Re2 {Necromant reconnected. 201} Rg4 {
Brf gibt auf (Lag: Av=3.21s, max=41.0s) 72} 0-1

[Event "CSS Freestyle 8th"]
[Site "playchess.com"]
[Date "2008.04.13"]
[Round "8"]
[White "Fredis_cpu"]
[Black "Knilch"]
[Result "1-0"]
[WhiteElo "2515"]
[BlackElo "2484"]
[PlyCount "84"]
[EventDate "2008.04.11"]

1. e4 {3} c5 {26} 2. Nf3 {9} h6 {19} 3. c3 {44} d6 {98} 4. d4 {26} Nf6 {8} 5.
Bd3 {31} g5 {23} 6. O-O {71} g4 {10} 7. Nh4 {24} Nc6 {12} 8. d5 {92} Ne5 {19}
9. Na3 {76} a6 {20} 10. Bf4 {95} Nxd3 {15} 11. Qxd3 {19} Bg7 {22} 12. g3 {89}
O-O {186} 13. Rfd1 {474} b5 {19} 14. Nc2 {40} Rb8 {37} 15. Qe3 {30} Kh7 {158}
16. b4 {79} cxb4 {714} 17. cxb4 {120} Nh5 {289} 18. Nd4 {33} Qb6 {116} 19. e5 {
25} Nxf4 {375} 20. gxf4 {56} dxe5 {36} 21. fxe5 {43} e6 {140} 22. d6 {144} Bd7
{90} 23. Rac1 {49} Qd8 {55} 24. Ng2 {128} Qg5 {18} 25. Qe4+ {51} Kg8 {9} 26.
Rc7 {32} Rbd8 {61} 27. Re1 {48} Be8 {27} 28. Nf4 {18} Qxe5 {91} 29. Nfxe6 {63}
Qxe4 {23} 30. Rxe4 {15} fxe6 {55} 31. Nxe6 {72} Rxd6 {14} 32. Rxg7+ {19} Kh8 {
14} 33. Nxf8 {49} Kxg7 {4} 34. Rxe8 {59} Kf7 {14} 35. Rc8 {21} Rd4 {66} 36. a3
{47} Rd1+ {122} 37. Kg2 {7} Rd3 {4} 38. Nh7 {11} Kg6 {15} 39. Rc7 {44} Rxa3 {
117} 40. Nf8+ {11} Kf5 {5} 41. Rc6 {42} Ra4 {134} 42. Rxh6 {9} Rxb4 {
Knilch gibt auf (Lag: Av=0.37s, max=1.7s) 20} 1-0

[Event "CSS Freestyle 8th"]
[Site "playchess.com"]
[Date "2008.04.13"]
[Round "8"]
[White "Nods"]
[Black "Brener"]
[Result "1-0"]
[WhiteElo "2408"]
[BlackElo "2391"]
[PlyCount "141"]
[EventDate "2008.04.11"]

1. d4 {25} d5 {5} 2. c4 {13} e6 {2} 3. Nc3 {34} Nf6 {3} 4. Nf3 {82} Nbd7 {3} 5.
g3 {126} dxc4 {86} 6. Qa4 {10} a6 {41} 7. Bg2 {97} Be7 {3} 8. O-O {108} O-O {12
} 9. Qxc4 {60} b5 {2} 10. Qd3 {113} Bb7 {3} 11. Ne5 {517} Bxg2 {12} 12. Kxg2 {2
} Nxe5 {111} 13. dxe5 {0} Qxd3 {1} 14. exd3 {2} Nd7 {27} 15. f4 {154} Nb6 {716}
16. Rd1 {50} f6 {141} 17. exf6 {69} Bxf6 {4} 18. Ne4 {51} Bd4 {10} 19. Ng5 {73}
e5 {24} 20. Nf3 {86} Rae8 {11} 21. Re1 {65} Nd7 {7} 22. Rb1 {192} c5 {55} 23.
Nxd4 {42} exd4 {4} 24. Bd2 {13} Kf7 {100} 25. Kf3 {20} Re6 {2} 26. Rxe6 {144}
Kxe6 {6} 27. Re1+ {0} Kd6 {8} 28. b4 {145} c4 {52} 29. Re4 {9} Kd5 {2} 30. Re7
{6} Kd6 {3} 31. Re4 {18} Kd5 {2} 32. Re7 {6} Nb8 {53} 33. Rxg7 {125} Nc6 {3}
34. Rg5+ {66} Kd6 {8} 35. f5 {126} Kd5 {2} 36. Bf4 {23} cxd3 {3} 37. f6+ {56}
Ke6 {2} 38. Ke4 {142} Re8 {57} 39. Rf5 {130} Kf7+ {23} 40. Kxd3 {2} Nxb4+ {2}
41. Kxd4 {2} Nxa2 {0} 42. Rh5 {95} Kxf6 {2} 43. Rxh7 {7} Kf5 {1} 44. Rf7+ {62}
Ke6 {5} 45. Ra7 {196} Nb4 {13} 46. Ke4 {70} Kf6+ {2} 47. Kf3 {39} Re6 {0} 48.
Bd2 {49} Nc6 {33} 49. Bc3+ {3} Kg6 {2} 50. Rg7+ {32} Kh6 {2} 51. Rb7 {10} Rd6 {
2} 52. Bg7+ {63} Kh5 {4} 53. Bb2 {136} Rd2 {3} 54. g4+ {53} Kg6 {1} 55. Rg7+ {
42} Kh6 {1} 56. Bf6 {22} a5 {2} 57. h4 {37} Rd1 {2} 58. Ke4 {14} Rf1 {2} 59.
Rb7 {38} Kg6 {14} 60. Bb2 {22} Rg1 {17} 61. Kf4 {15} Rf1+ {3} 62. Kg3 {84} Rg1+
{2} 63. Kf3 {6} Rb1 {10} 64. Rg7+ {85} Kh6 {1} 65. g5+ {10} Kh5 {0} 66. Rh7+ {
12} Kg6 {2} 67. Rh6+ {40} Kf7 {2} 68. g6+ {24} Ke8 {1} 69. g7 {30} Ne7 {14} 70.
Re6 {49} Rg1 {6} 71. Bd4 {Brener gibt auf (Lag: Av=0.36s, max=1.1s) 10} 1-0